00461nam a2200169Ia 4500003000400000005001700004008004100021020001800062040000900080082002000089100001700109245008400126250001200210260004800222300000900270650001200279OSt20210427115511.0190216s9999||||xx |||||||||||||| ||und|| a9780521684293 coclc a428.0071bDOF/T aDoff, Adrian 0aTeach English :bA Training Course For Teachers /Trainers HandbookcAdrain Doff a8th Ed. bCambridge University Press,c2005.aLondon: a286p aEnglish